| 000 | 01205nam a22002537a 4500 | ||
|---|---|---|---|
| 999 |
_c62088 _d62088 |
||
| 003 | Ge_BSU | ||
| 005 | 20240705164557.0 | ||
| 008 | 240705s2023 ge ||||| |||| 00| 0 geo d | ||
| 020 | _a9789941356704X | ||
| 041 | _ageo | ||
| 080 | _a159.943 კ-22 | ||
| 100 |
_aკანემანი, დანიელ _922742 _eავტორი |
||
| 245 |
_aიფიქრე სწრაფად, იფიქრე ნელა / _cდანიელ კანემანი, ინგლ.თარგმ. ხათუნა ბასილაშვილმა |
||
| 264 |
_aთბილისი: _b პალიტრაL, _c2023. |
||
| 300 |
_a635 გვ.: _b24 სმ. |
||
| 440 |
_aლურჯი ოკეანე _922743 |
||
| 504 | _aბიბლიოგრაფ.გვ: 629-635 | ||
| 653 | _aიფიქრე სწრაფად, იფიქრე ნელა | ||
| 653 | _aTHINKING, FAST AND SLOW | ||
| 653 | _aადამიანის ფსიქოლოგია | ||
| 653 | _aქცევის ფსიქოლოგია. | ||
| 700 |
_aბასილაშვილი,ხათუნა _eმთარგმნელი _922735 |
||
| 942 |
_2udc _cᲬᲘᲒᲜᲘ |
||